Gospel According to St. Luke (Record no. 2875)
[ view plain ]
| 000 -LEADER | |
|---|---|
| fixed length control field | 00634nam a2200241 a 4500 |
| 020 ## - INTERNATIONAL STANDARD BOOK NUMBER | |
| ISBN | |
| 082 00 - DEWEY DECIMAL CLASSIFICATION NUMBER | |
| Classification number | 226.4 |
| Author Cutter | CRE |
| 100 ## - MAIN ENTRY--AUTHOR NAME | |
| Author name | Creed, John Martin |
| 245 ## - TITLE STATEMENT | |
| Title | Gospel According to St. Luke |
| Sub title | Greek Text With Introduction, Notes @ Indices |
| 260 ## - PUBLICATION, DISTRIBUTION, ETC. (IMPRINT) | |
| Place of publication | London |
| Name of publisher | Macmillan and Co. |
| Year of publication | 1930 |
| 300 ## - PHYSICAL DESCRIPTION | |
| Number of Pages | 321p |
| 500 ## - GENERAL NOTE | |
| General note | includes index and biblioraphy |
| 505 2# - FORMATTED CONTENTS NOTE | |
| Formatted contents note | Index |
| 650 ## - SUBJECT ADDED ENTRY--TOPICAL TERM | |
| Topical Term | Bible N.T. Gospel Luke |
| 942 ## - ADDED ENTRY ELEMENTS (KOHA) | |
| Koha item type | Books |
| 700 1# - | |
| -- | Creed, John Martin |
| Home library | Current library | Date acquired | Cost, normal purchase price | Full call number | Accession Number | Koha item type |
|---|---|---|---|---|---|---|
| Henry Martyn Institute Library | Henry Martyn Institute Library | 06/20/2007 | 100.00 | 226.4 CRE | 3395 | Archive Book |
